El pensamiento económico en España 1177-1740
Gorde:
| Egile nagusia: | |
|---|---|
| Formatua: | Liburua |
| Hizkuntza: | gaztelania |
| Argitaratua: |
Barcelona
Crítica
1982
|
| Gaiak: | |
| Etiketak: |
Etiketa erantsi
Etiketarik gabe, Izan zaitez lehena erregistro honi etiketa jartzen!
|
MARC
| LEADER | 00000nam a2200000 a 4500 | ||
|---|---|---|---|
| 001 | UCP7640 | ||
| 003 | CL-VaPUC | ||
| 008 | 991217e19820000SP |||||||||||||||||spa|d | ||
| 082 | 0 | 4 | |a 330.01 |b GRI |2 21 |
| 100 | |a Grice-Hutchinson, Marjorie |e author |9 437140 | ||
| 245 | 1 | 3 | |a El pensamiento económico en España 1177-1740 |
| 300 | |a 259 p | ||
| 942 | |c BK | ||
| 945 | |d 19991217 00:00:00 |a crobeson | ||
| 260 | |a Barcelona |b Crítica |c 1982 | ||
| 650 | 0 | |a Pensamiento económico |9 312704 | |
| 650 | 0 | |a Teoría económica |9 315055 | |
| 650 | 7 | |a DOCTRINAS ECONOMICAS |2 CL-VaPUC |9 346455 | |
| 650 | 7 | |a MERCANTILISMO |2 CL-VaPUC |9 313449 | |
| 650 | 7 | |a USURA |2 CL-VaPUC |9 368490 | |
| 650 | 0 | |a Economía política |9 255814 | |
| 651 | 0 | |a España |9 254926 | |
| 583 | |a last modification |c 19991217 00:00:00 |k Rodrigo Vera | ||
| 999 | |c 284757 |d 284755 | ||
| 952 | |0 0 |1 0 |4 0 |6 330_010000000000000_GRI_1982 |7 0 |8 A |9 328976 |a BIBHIS |b BIBHIS |d 2019-11-20 |i 1373218 |o 330.01 GRI 1982 |p 1373218 |r 2025-01-20 |w 2019-11-20 |y BK |k HIS | ||
| 952 | |0 0 |1 0 |4 0 |6 330_010000000000000_GRI_1982 |7 0 |8 A |9 328977 |a BIBHIS |b BIBHIS |d 2019-11-20 |i 1373226 |o 330.01 GRI 1982 |p 1373226 |r 2025-01-20 |w 2019-11-20 |y BK |k HIS | ||